| 000 | 01051nas a2200337 4500 | ||
|---|---|---|---|
| 001 | BR2016001720 | ||
| 003 | BR-BrBNA | ||
| 005 | 20231205130306.0 | ||
| 007 | ta | ||
| 008 | 230509b bl.|||p| |||| 00| 00por d | ||
| 040 |
_aBR-BrBNA _bpor _cBiblioteca Nacional de Agricultura |
||
| 041 | _a(En) | ||
| 072 | _aL73 | ||
| 100 | 1 | _aSilva, F.M. de F. | |
| 100 | 1 | _aSantos, E.M. de S. | |
| 100 | 1 | _aTorres, S.M. | |
| 100 | 1 | _aYamasak, E.M. | |
| 100 | 1 | _aRamos, R.A.N. | |
| 100 | 1 | _aAlves, L.C. | |
| 245 | 1 | _aParasite load in intact and ulcerative skin of dogs with leishmaniais | |
| 650 | _aCAO | ||
| 650 | _aDOENCA ANIMAL | ||
| 650 | _aLEISHMANIOSE | ||
| 650 | _aPARASITO DE ANIMAL | ||
| 650 | _aHISTOQUIMICA | ||
| 650 | _aTECIDO ANIMAL | ||
| 773 | 0 |
_tBrazilian Journal of Veterinary Parasitology (Brazil) _xISSN 1984-2961 _g(Jan-Mar 2016), v. 25(1) p. 127-130 _wBR2016001720 |
|
| 856 | 4 | 0 | _uhttp://www.scielo.br/pdf/rbpv/v25n1/1984-2961-rbpv-S1984-29612016014.pdf |
| 909 |
_a202311 _bLúcia _c55 _dLúcia Elande |
||
| 942 |
_2AGRIS _n0 _cANA |
||
| 999 |
_c248689 _d248689 |
||